000 00177nam a22000857a 4500
003 SGT
100 _aKATARIA BY UDIT AGARWAL
245 _aDATA STRUCTURES USING C.
942 _2ddc
_cCD
999 _c20075
_d20075